Modular forms, a computational approach (Record no. 759248)
[ view plain ]
| 000 -LEADER | |
|---|---|
| fixed length control field | 00536nam a22001817a 4500 |
| 020 ## - INTERNATIONAL STANDARD BOOK NUMBER | |
| ISBN | 9789349750142 |
| 100 ## - MAIN ENTRY--AUTHOR NAME | |
| Personal name | Stein, William |
| 245 ## - TITLE STATEMENT | |
| Title | Modular forms, a computational approach |
| 260 ## - PUBLICATION, DISTRIBUTION, ETC. (IMPRINT) | |
| Place of publication | Telangana |
| Name of publisher | Universities press |
| Year of publication | 2026 |
| 300 ## - PHYSICAL DESCRIPTION | |
| Number of Pages | xv+268 |
| 490 ## - SERIES STATEMENT | |
| Series statement | Graduate studies in mathematics |
| 500 ## - GENERAL NOTE | |
| General note | Graduate studies in mathematics Vol 79 |
| 650 ## - SUBJECT ADDED ENTRY--TOPICAL TERM | |
| Topical Term | Dirichlet characters |
| 650 ## - SUBJECT ADDED ENTRY--TOPICAL TERM | |
| Topical Term | Eisenstein series |
| 650 ## - SUBJECT ADDED ENTRY--TOPICAL TERM | |
| Topical Term | Hecke operators |
| 942 ## - ADDED ENTRY ELEMENTS (KOHA) | |
| Source of classification or shelving scheme | Dewey Decimal Classification |
| Koha item type | Book |
| Withdrawn status | Lost status | Source of classification or shelving scheme | Damaged status | Not for loan | Collection code | Home Library | Current Location | Shelving location | Date acquired | Source of acquisition | Cost, normal purchase price | Full call number | Accession Number | Price effective from | Koha item type |
|---|---|---|---|---|---|---|---|---|---|---|---|---|---|---|---|
| Dewey Decimal Classification | Gift or donation | Dept. of Mathematics | Dept. of Mathematics | General Stacks | 02/05/2026 | 032/NBHM 0038 (Gift from NBHM) | 1385.00 | 512.73 STE-M | MATG281 | 05/05/2026 | Book |
